| 000 | 01388nam a2200217Ia 4500 | ||
|---|---|---|---|
| 003 | Ost | ||
| 005 | 20260507075649.0 | ||
| 008 | 260507s9999||||xx |||||||||||||| ||und|| | ||
| 020 | _a9056212977 | ||
| 040 | _cfsecg | ||
| 041 | _aara | ||
| 082 | _a332.4 | ||
| 100 |
_aمجيد، ضياء _eمؤلف |
||
| 245 | 0 |
_aإقتصاديات أسواق المال / _c ضياء مجيد |
|
| 260 |
_aالإسكندرية: _bمؤسسة شباب الجامعة, _c2005 |
||
| 300 |
_a349 صفحة؛ _bإيضاحات ؛ _c24 سم |
||
| 520 | _aنظم المقايضة- أنواع النقود- وظائف النقود- الانظمة النقدية- الطلب عاى النقود في التحليل الكلاسيكي- المعادلات الاساسية عند كينز- الطلب على النقود في التحليل الكنزي- مدرسة شيكاغو- سعر الفائدة- السياسة النقدية- الاسعار وقيمة النقود- التضخم النقدي- البنوك المركزية- البنوك التجارية- المؤسسات النقدية والمالية والدولية- حقوق السحب الخاصة- البنك الدولي والتعمير- التعديلات على المواد الاساسية لغتفاقية بريتون وودز. | ||
| 653 | _aالأسواق المالية | ||
| 653 | _aالإقتصاد المالي | ||
| 942 | _cكتاب | ||
| 999 |
_c45553 _d45553 |
||